Radeln ohne Grenzen : Radwegeplan der Region Hlučín und der polnischen Gminas
| Jazyk: | Němčina Polština Čeština |
|---|---|
| Vydáno: |
[Hlučín] : [Sdružení obcí Hlučínska], [2013?] |
| Témata: | |
| Fyzický popis: |
2 mapy na 1 listu : barevné ; 42 x 50 cm a 42 x 50 cm, na listu 42 x 59 cm, složeno na 21 x 10 cm + průvodce (24, 16 s. ; 21 cm) |
| Language note: |
Místní jména česky a polsky, vlastivědný text v průvodci německy |
| LEADER | 02311nem a2200553 i 4500 | ||
|---|---|---|---|
| 001 | nkc20152733794 | ||
| 003 | CZ PrNK | ||
| 005 | 20241209130219.0 | ||
| 007 | aj canzn | ||
| 008 | 151006s2013 xr z a 0 cze | ||
| 015 | |a cnb002733794 | ||
| 020 | |a 978-80-260-8884-4 |q (složeno) | ||
| 034 | 1 | |a a |b 70000 | |
| 040 | |a ABA001 |b cze |e rda | ||
| 041 | 0 | |a cze |a pol |a ger | |
| 043 | |a e-pl--- |a e-xr--- |b e-xr-sl |2 czenas | ||
| 072 | 7 | |a 796 |x Sport. Hry. Tělesná cvičení |2 Konspekt |9 20 | |
| 072 | 7 | |a 912 |x Mapy. Atlasy. Glóby |2 Konspekt |9 7 | |
| 080 | |a 796.61 |2 MRF | ||
| 080 | |a 796.6:625.7 |2 MRF | ||
| 080 | |a (437.33) |2 MRF | ||
| 080 | |a (438) |2 MRF | ||
| 080 | |a (084.3)796.61 |2 MRF | ||
| 245 | 0 | 0 | |a Radeln ohne Grenzen : |b Radwegeplan der Region Hlučín und der polnischen Gminas |
| 246 | 3 | 0 | |a Radwegeplan der Region Hlučín und der polnischen Gminas |
| 255 | |a Měřítko 1:70 000 | ||
| 264 | 1 | |a [Hlučín] : |b [Sdružení obcí Hlučínska], |c [2013?] | |
| 300 | |a 2 mapy na 1 listu : |b barevné ; |c 42 x 50 cm a 42 x 50 cm, na listu 42 x 59 cm, složeno na 21 x 10 cm + |e průvodce (24, 16 s. ; 21 cm) | ||
| 336 | |a kartografický obraz |b cri |2 rdacontent | ||
| 337 | |a bez média |b n |2 rdamedia | ||
| 338 | |a list |b nb |2 rdacarrier | ||
| 500 | |a Přiložený průvodce obsahuje průvodce po cyklostezkách polských gmin a průvodce po cyklostezkách Hlučínska v němčině | ||
| 500 | |a Text přiloženého průvodce částečně tištěn zvratmo | ||
| 500 | |a Ve společném plastovém přebalu | ||
| 546 | |a Místní jména česky a polsky, vlastivědný text v průvodci německy | ||
| 650 | 0 | 7 | |a cykloturistika |7 ph114274 |z Česko |2 czenas |
| 650 | 0 | 7 | |a cykloturistika |7 ph114274 |z Polsko |2 czenas |
| 650 | 0 | 7 | |a cyklistické trasy |7 ph1246710 |z Česko |2 czenas |
| 650 | 0 | 7 | |a cyklistické trasy |7 ph1246710 |z Polsko |2 czenas |
| 651 | 7 | |a Hlučínsko |7 ge137208 |2 czenas | |
| 651 | 7 | |a Kietrz (Polsko) |7 ge659215 |2 czenas | |
| 651 | 7 | |a Krzanowice (Ratiboř, Polsko) |7 ge771805 |2 czenas | |
| 651 | 7 | |a Ratiboř (Polsko) |7 ge130626 |2 czenas | |
| 655 | 7 | |a cykloturistické mapy |7 fd131996 |2 czenas | |
| 910 | 2 | |a BOA001 |b Mp2-1363.648 | |
| 990 | |a MP | ||
| 995 | |a 01 | ||
| 991 | |b 201603 |c NOV | ||
| 996 | 6 | |b 2610663253 |c Mp2-1363.648 |l MZK |r Sklad / do 1 hodiny |n 0 |p p.v. |w 001549327 |u 000010 |a 1 |e BOA001 |j MZK50 |s P | |
English
Čeština 